|
|
|
|
| LEADER |
00000nab a2200000 4500 |
| 001 |
vtls011922739 |
| 003 |
SK-MaSNL |
| 005 |
20260303210750.0 |
| 008 |
200309|2019 xo ||||||||||||00 ||slo| |
| 038 |
|
|
|a PPPK
|
| 040 |
|
|
|a PPPKCL
|b slo
|e rda
|
| 041 |
0 |
|
|a slo
|
| 043 |
|
|
|a e-xo---
|
| 044 |
|
|
|a xo
|c SK
|
| 072 |
|
7 |
|a 374
|x Výchova a vzdelávanie dospelých. Mimoškolská výchova a vzdelávanie
|2 konspekt
|
| 080 |
|
|
|a 374
|2 2011
|
| 080 |
|
|
|a 379.8
|2 2011
|
| 080 |
|
|
|a 061
|2 2011
|
| 100 |
1 |
|
|a Paugsch, Lorant
|4 aut
|9 1090365
|
| 245 |
1 |
0 |
|a Mládež môže rásť aj vďaka centrám voľného času
|c Lorant Paugsch
|
| 300 |
|
|
|b Fotografie
|
| 336 |
|
|
|a text
|b txt
|2 rdacontent
|
| 337 |
|
|
|a bez média
|b n
|2 rdamedia
|
| 338 |
|
|
|a zväzok
|b nc
|2 rdacarrier
|
| 610 |
2 |
7 |
|a Centrum voľného času (Kežmarok, Slovensko)
|2 SNK
|9 1033788
|
| 650 |
0 |
7 |
|a mimoškolské vzdelávanie
|2 SNKPH
|9 66292
|
| 650 |
0 |
7 |
|a voľný čas
|2 SNKPH
|9 3355
|
| 650 |
0 |
7 |
|a centrum voľného času
|2 SNKPH
|9 71497
|
| 651 |
|
7 |
|a Kežmarok (Slovensko)
|2 SNKPHgeo
|9 26808
|
| 655 |
|
7 |
|a správy
|2 SNKPH
|9 70563
|
| 773 |
0 |
|
|t Noviny Kežmarok : kultúrno-spoločenský mesačník mesta
|g Roč. 4, č. 11 (2019), s. 5
|x 2453-7608
|
| 852 |
|
|
|a PPPK
|b KIS3GCP
|
| 958 |
|
|
|a RG
|
| 999 |
|
|
|c 2201555
|d 2203485
|